000 01822nam0a22003131 4500
001 v19\rc\1631616
005 20061002123020.2
035 _a(NLR Aleph) 004746779
090 _a4518478
_c4518478
100 _a20061002e18991899|||y0rusy50 ca
101 0 _arus
102 _aRU
105 _aa z |||||
200 1 _aОбзор трудов по воздухоплаванию
_eДоложено в VII-м (Воздухоплав.) отд. Р.Т. о-ва 16 дек. 1898 г.
_f[Вл. Тюрин]
210 _a[Санкт-Петербург
_d1899]
215 _a139-148 с.
_cил.
_d24
300 _aАвт. указан в конце текста
309 _aБез тит. л. и обл.
311 _aОтт. из "Зап. Рус. техн. о-ва", 1899, № 2
327 1 _aСодерж.: Летательный аппарат "Avion" Ader'a; Летающая модель В. Кресса и его проект аэроплана-лодки-саней; Применение привязных баллонов при телеграфии электрическими волнами
464 0 _12001#$aЛетательный аппарат "Avion" Ader'a$aЛетающая модель В. Кресса и его проект аэроплана-лодки-саней$aПрименение привязных баллонов при телеграфии электрическими волнами
_1702#1$aАдер$4570
_1702#1$aКресс$bВ.$4570
488 0 _12001#$aЗаписки Русского технического общества$v1899, № 2
700 1 _aТюрин
_bВ. А.
_f1862-1908
_gВладислав Александрович
801 0 _aRU
_bNLR
_gpsbo
801 0 _aRU
_bRuMoRGB
_2psbo
801 1 _aRU
_bProSoft-M
_2rusmarc
852 _aNLR
_j71/407
942 _cBOOK
980 _aNB